=LDR 00000nam 2200000 4500 =001 INLIS000000000027447 =005 20130612125825 =008 ***********************************Ind** =035 ##$$0010-061300000027447 =041 ##$$a Ind =082 ##$$a 378.062 =090 ##$$a 378.062, Muq m =100 ##$$a Muqadim =245 ##$$a Manajemen perubahan di Perguruan Tinggi Islam:Refleksi ketergagapan implementatif menuju rahmatan lilalamin, Mukodim,MBA Ak =260 ##$$a 2006 $b Yogyakarta =300 ##$$a xvi,196 hlm, 21 cm =650 ##$$a Pendidikan tinggi manajemen =850 ##$$a NBPNMAT =990 ##$$a 21400613/BPAP-NTB/20142014 =990 ##$$a 0001/BPAP-NTB/2016 =990 ##$$a 0001/BPAP-NTB/2016